La república inmortal de Duarte : (Registro nro. 13887)

Detalles MARC
000 -LIDER
fixed length control field 01132nam a2200277 a 4500
001 - NÚMERO DE CONTROL
Identificador de número de control 000044961
003 - IDENTIFICACDOR DE NÚMERO DE CONTROL
control field DO-SdBNP
005 - DATE AND TIME OF LATEST TRANSACTION
control field 20220307113322.0
008 - ELEMENTOS DE LONGITUD FIJA
fixed length control field 150127s2014 dr ac 000 0 spa d
020 ## - ISBN
International Standard Book Number 9789945855524
040 ## - FUENTE DE CATALOGACIÓN
Agencia que crea de manera original el registro DO-SdBNP
Idioma de catalogación spa
Agencia que realiza la transcripción BPMSU
082 ## - NÚMERO DE CLASIFICACIÓN DECIMAL DE DEWEY
Classification number 923.297293
Item number D812S 2014
Edition number 22
100 1# - ASIENTO PRINCIPAL -- NOMBRE PERSONAL
Nombre personal Suazo Ruiz, Sócrates Danilo
245 13 - MENCIÓN DE TITULO
Título La república inmortal de Duarte :
Subtítulo homenaje de las Fuerzas Armadas al padre de la patria en el bicentenario de su natalicio, 1813-2013 /
Mención de responsabilidad Sócrates Danilo Suazo Ruiz ; prólogo almirante Sigfrido A. Pared Pérez
260 ## - PUBLICACIÓN, DISTRIBUCIÓN, ETC. (PIE DE IMPRENTA)
Lugar de publicación, distribución, etc Santo Domingo :
Nombre del editor, distribuidor, etc. Fundación Patria Visual,
-- Banreservas,
Fecha de publicación, distribución, etc 2014.
300 ## - DESCRIPCIÓN FÍSICA
Extensión 159 p. :
Otros detalles físicos il., retrs. ;
Dimensiones 30 cm.
500 ## - NOTA GENERAL
Nota general Incluye índice onomástico
504 ## - NOTA DE BIBLIOGRAFÍA, ETC.
Bibliography, etc Bibliografía : p. 154-155
590 ## - NOTA LOCAL
Enlace Inventariado, 2021/VM
600 14 - ENCABEZAMIENTO DE MATERIA--NOMBRE PERSONAL
Nombre personal Duarte y Diez, Juan Pablo,
Fechas asociadas con el nombre 1813-1876
Subdivisión de forma Homenajes póstumos
651 #4 - ENCABEZAMIENTO DE MATERIA--NOMBRE GEOGRÁFICO
Nombre geográfico República Dominicana
Subdivisión temática general Historia
700 1# - ASIENTO SECUNDARIO -- NOMBRE PERSONAL
Nombre personal Pared Pérez, Sigfrida A.,
Mención de responsabilidad pról.
710 #4 - ASIENTO SECUNDARIO -- NOMBRE CORPORATIVO
Nombre corporativo o de jurisdicción Comisión Permanentes de Eférides Patrias (República Dominicana)
910 ## - VALIDACIÓN
Validación VMateo V.
942 ## - ADDED ENTRY ELEMENTS (KOHA)
Source of classification or shelving scheme Dewey Decimal Classification
Koha item type Libros
Existencias
Withdrawn status Lost status Source of classification or shelving scheme Damaged status Not for loan Collection code Home library Current library Date acquired Total Checkouts Full call number Barcode Date last seen Price effective from Koha item type Copy number
    Dewey Decimal Classification     Colección Dominicana Biblioteca Pública Metropolitana Salomé Ureña Biblioteca Pública Metropolitana Salomé Ureña 11/22/2021   BPMSU CD 923.297293 D812S 2014 BPMSU21110106 11/22/2021 11/22/2021 Libros  
    Dewey Decimal Classification     Colección Dominicana Biblioteca Pública Metropolitana Salomé Ureña Biblioteca Pública Metropolitana Salomé Ureña 11/22/2021   BPMSU CD 923.297293 D812S 2014 BPMSU22030008 03/07/2022 11/22/2021 Libros e.2